| 000 | 00737nam a2200181 a 4500 | ||
|---|---|---|---|
| 003 | OSt | ||
| 005 | 20240412074257.0 | ||
| 008 | 110912s1877 000 spa d | ||
| 040 |
_aDO-SdBNP _bspa _cBNPHU |
||
| 082 |
_aRD861.2 _bP438f , 1877 |
||
| 100 | 1 |
_aPérez, José Joaquín _d1845-1900 _925442 |
|
| 245 | 1 | 0 | _aFantasías indígenas |
| 260 |
_aSanto Domingo : _bGarcía Hnos., _c1877. |
||
| 500 | _aDedicatoria a la eminente poetisa dominicana Señorita Salomé Ureña, en testimonio de admiración i simpatía ; A mi mui querido maestro el ilustrado presbítero Fernando Arturo de Meriño, en prenda de inalterable gratitud | ||
| 650 | 4 |
_aPoesía dominicana _977087 |
|
| 650 | 0 |
_aLiteratura dominicana. _967 |
|
| 942 |
_2ddc _cLBS1 |
||
| 999 |
_c33280 _d33280 |
||